| 000 | 01146cam a2200361 a 4500 | ||
|---|---|---|---|
| 001 | 22572 | ||
| 003 | SK-KTurca | ||
| 005 | 20260401135421.0 | ||
| 008 | 240620s1996 xo gr 0000j slo | ||
| 015 | _aSNBA1997/0501382 | ||
| 020 |
_a8088739233 _q(viaz.) |
||
| 035 | _aSNK000228490 | ||
| 035 | _aurn:nbn:sk:snk-amkg0t | ||
| 035 | _aurn:nbn:sk:snk-am003uoo | ||
| 035 | _a4AFF6B16-5206-458D-8E42-50666F50B381 | ||
| 040 |
_aSNK _bslo _cSNK _eAACR2 |
||
| 041 | 1 | _aslo | |
| 044 |
_axo _cSK |
||
| 080 |
_a830-3(087.5) _21981 |
||
| 100 | 1 |
_aMay, Karl, _d1842-1912 _4aut |
|
| 245 | 1 | 0 |
_aBanditi z Arizony a traja greenhorni a iné veselé príbehy z kníh Karla Maya _cpreložil Teofil Ušák |
| 260 |
_aBratislava _bAlfa konti _c1996 |
||
| 300 |
_a108 s. _c21 cm |
||
| 500 | _aIlustr. na front. | ||
| 500 | _aÚdaj o prekl. prevzatý z rubu tit. strany | ||
| 655 | 7 |
_anemecké príbehy _2SNKPH |
|
| 655 | 7 |
_adobrodružné príbehy _2SNKPH |
|
| 700 | 1 |
_aUšák, Teofil, _d1922-1999 _4trl |
|
| 911 |
_aKN 1997/05 _b01382 |
||
| 942 |
_2ddc _cKLDE _n0 |
||
| 999 |
_c22572 _d22572 |
||